| 000 | 00874nam a2200229 a 4500 | ||
|---|---|---|---|
| 001 | 40600 | ||
| 003 | BD-RjUL | ||
| 005 | 20211209053240.0 | ||
| 008 | 160504s1975 nn ||||| |||| 00| 0 ben d | ||
| 035 | _a(BD-RjUL)40715 | ||
| 040 |
_aBD-RjUL _bben/eng _cBD-RjUL |
||
| 041 | _aben | ||
| 082 |
_223 _a891.4409 _bSEB 1975 |
||
| 100 | 1 |
_aসেন, সুকুমার _9219663 |
|
| 245 | 1 | 0 |
_aবাঙ্গালা সাহিত্যের ইতিহাস / _cসুকুমার সেন |
| 260 |
_aকলিকাতা : _bইস্টার্ন পাবলিশার্স, _c১৯৭৫ |
||
| 300 |
_a খণ্ড : _cচিত্র ; _b২২ সেমি. |
||
| 505 | 1 | _aখণ্ড ১ -- | |
| 650 |
_aবাংলা সাহিত্য _xইতিহাস _9219664 |
||
| 650 |
_aBengali literature _xHistory _9219665 |
||
| 942 |
_2ddc _cBK |
||
| 999 |
_c40600 _d40600 |
||